| 000 | 00605nam a2200217Ii 4500 | ||
|---|---|---|---|
| 003 | JO-AjNU | ||
| 008 | 230606s9999||||xx |||||||||||||| ||und|| | ||
| 020 | _a0-321-31252-X | ||
| 040 |
_aJO-AjNU _beng _erda _cJO-AjNU |
||
| 041 | _aeng | ||
| 050 | 1 | 4 | _aT385.A5133.2006 |
| 100 | 3 |
_aAngel,Edward, _eauthor _94242 |
|
| 245 | 0 | 0 | _aInteractive Computer Graohics |
| 250 | _ainternational edition | ||
| 264 | 3 | 1 | _aNew Jersy:pearson,2010 |
| 300 | _a775p | ||
| 336 |
_atext _btxt _2rdacontent |
||
| 337 |
_aunmediated _bn _2rdamedia |
||
| 338 |
_avolume _bnc _2rdacarrier |
||
| 650 | 4 |
_aComputer Graphics _94243 |
|
| 999 |
_aE2206 _c2204 _d2204 |
||